História dos Municípios e do Poder Local (Registo nº 812)

Detalhes MARC
000 -Etiqueta do registo
Cabeçalho 00769nam0a22002771 4500
005 - Identificador da versão
Campo de controlo 20240822162521.0
010 ## - Número internacional normalizado dos livros (ISBN)
Número (ISBN) 9724213005
021 ## - Número do Depósito Legal
Código do país PT
Número 92 650/95
035 ## - Other System Control Numbers
System Control Number 0000882
System Control Number 0000877
System Control Number 0000870
System Control Number 0000858
100 ## - Dados gerais de processamento
Dados gerais de processamento 20080208d1996 a e0pory5003 ba
101 0# - Língua de publicação
Língua do texto, banda sonora, etc. Português
Língua do documento no original Português
102 ## - Pais de publicação ou produção
País de publicação Portugal
105 ## - Campo de dados codificados: livros
Dados codificados dos livros a z 001yy
106 ## - Campo de dados codificados: material textual
Dados codificados do material textual r
200 1# - Titulo e menção de responsabilidade
Título próprio História dos Municípios e do Poder Local
Informação de outro título Dos Finais da Idade Média à União Europeia
Primeira menção de responsabilidade Nuno Gonçalo Monteiro, César Oliveira
Outras menções de responsabilidade Direcção de César Oliveira
205 ## - Menção da edição
Menção da edição 1ª edição
210 ## - Publicação, Distribuição, etc. 
Lugar da edição, distribuição, etc. Lisboa
Nome do editor, distribuidor, etc. Círculo de Leitores
Data da publicação, distribuição, etc. 1996
215 ## - Descrição física 
Indicação específica da natureza do documento e extensão da espécie 591p.
Dimensões cm
225 2# - Colecção 
Título próprio da colecção Grandes Temas da Nossa História
942 ## - Elementos de entrada adicionados (Koha)
Tipo de item no Koha Livro
966 ## - Identificação da Biblioteca
Sigla NUMETECA
Exemplares
Situação do levantamento Origin of item (home branch) (coded) Biblioteca de empréstimo Código de barras Cota Circulation type (not for loan) Tipo de documento Nota do exemplar Damaged status
  Biblioteca Escolar Eng. Nuno Mergulhão Biblioteca Escolar Eng. Nuno Mergulhão BENM1280 9PT OLI   Livro Sem mensagem